Central Library OPAC University of Rajshahi

Social policy and administration : (Record no. 5794)

MARC details
000 -LEADER
fixed length control field 00881nam a2200253 a 4500
001 - CONTROL NUMBER
control field 5794
003 - CONTROL NUMBER IDENTIFIER
rucl marc code BD-RjUL
005 - DATE AND TIME OF LATEST TRANSACTION
control field 20211208234129.0
008 - FIXED-LENGTH DATA ELEMENTS--GENERAL INFORMATION
fixed length control field 140107t19671956e ||||| |||| 001 0 eng d
035 ## - SYSTEM CONTROL NUMBER
System control number (BD-RjUL)5833
040 ## - CATALOGING SOURCE
Original cataloging agency BD-RjUL
Language of cataloging eng
Transcribing agency BD-RjUL
Modifying agency BD-RjUL
041 ## - LANGUAGE CODE
Language code of text/sound track or separate title eng
082 04 - DEWEY DECIMAL CLASSIFICATION NUMBER
Classification number 361.941
Author mark and year DOS 1967
Edition number 23
100 1# - MAIN ENTRY--PERSONAL NAME
Personal name Donnison, D. V.
9 (RLIN) 18198
245 1# - TITLE STATEMENT
Title Social policy and administration :
Remainder of title studies in the development of social services at the local level /
Statement of responsibility, etc. D. V. Donnison and Valerie Chapman.
260 ## - PUBLICATION, DISTRIBUTION, ETC. (IMPRINT)
Place of publication, distribution, etc. London :
Name of publisher, distributor, etc. Allen and Unwin,
Date of publication, distribution, etc. 1956, [2nd. Impression 1967]
300 ## - PHYSICAL DESCRIPTION
Pagination 270 p. ;
Size 22 cm.
490 ## - SERIES STATEMENT
Series statement National Institute social work Traning Series, no. 3
504 ## - BIBLIOGRAPHY, ETC. NOTE
Bibliography, etc Includes index.
650 #0 - SUBJECT ADDED ENTRY--TOPICAL TERM
Topical term or geographic name as entry element Public welfare
Geographic subdivision Great Britain.
9 (RLIN) 16747
Topical term or geographic name as entry element Great Britain
General subdivision Social policy.
9 (RLIN) 18199
700 1# - ADDED ENTRY--PERSONAL NAME
Personal name Chapman, Valerie
942 ## - ADDED ENTRY ELEMENTS (KOHA)
Source of classification or shelving scheme Dewey Decimal Classification
Koha item type Books
Holdings
Lost status Source of classification or shelving scheme Damaged status Not for loan Collection code Permanent Location Current Location Date acquired Source of acquisition Cost, normal purchase price Total Checkouts Full call number Date last seen Copy number Koha item type Shelving location
  Dewey Decimal Classification     Non-fiction Central Library, University of Rajshahi Central Library, University of Rajshahi 11/08/1966 Mirja Book Agency. 22.50   361.941 DOS 1965 07/01/2014 C-4 Books  
  Dewey Decimal Classification     Non-fiction Central Library, University of Rajshahi Central Library, University of Rajshahi 02/04/1964 Zeitlinger 30.00   361.941 DOS 1965 21/08/2016 C-3 Books  
  Dewey Decimal Classification     Non-fiction Central Library, University of Rajshahi Central Library, University of Rajshahi 02/04/1964 Zeitlinger 30.00   361.941 DOS 1965 21/08/2016 C-5 Books  
  Dewey Decimal Classification     Non-fiction Central Library, University of Rajshahi Central Library, University of Rajshahi 02/09/1969 Zeithinger 30.00   361.941 DOS 1967 21/08/2016 C-2 Books